000 00636nam a2200181 a 4500
001 000039777
005 20201002033728.0
008 130719s2000 cl a 000 0 spa d
020 _a9562441210
040 _aDO-SdBNP
_bspa
_cBNPHU
082 _axxx
100 1 _aFeliú Cruz, Guillermo,
_d1900-1973
_965971
245 1 0 _aDurante la república :
_bPerfiles de la evolución política, social y constitucional /
_cGuillermo Feliú Cruz.
260 _aSantiago de Chile :
_bLOM Ediciones,
_c2000.
300 _av. :
_bil. ;
_c22 cm.
490 1 _aGuillermo Feliú: Obras escogidas
_v2
830 0 _aGuillermo Feliú:Obras escogidas
_v2
_965972
999 _c39267
_d39267